LMS Moodle v meždunarodnom obrazovanii
Využitie informačných a komunikačných technológii vo vzdelávaní. Systém LMS Moodle v medzinárodnom vzdelávaní.
Gespeichert in:
| 1. Verfasser: | |
|---|---|
| Weitere Verfasser: | |
| Format: | Buchkapitel |
| Sprache: | Russisch |
| Schlagworte: | |
| Tags: |
Keine Tags, Fügen Sie das erste Tag hinzu!
|
MARC
| LEADER | 00000naa a2200000 4500 | ||
|---|---|---|---|
| 001 | 0211553 | ||
| 005 | 20240502083529.6 | ||
| 041 | 0 | |a rus | |
| 044 | |a KZ | ||
| 245 | 1 | 0 | |a LMS Moodle v meždunarodnom obrazovanii |c Jaroslav Kultan, N. Kerimbajev |
| 520 | |a Využitie informačných a komunikačných technológii vo vzdelávaní. Systém LMS Moodle v medzinárodnom vzdelávaní. | ||
| 610 | 2 | 0 | |a vzdelávanie elektronické |
| 610 | 2 | 0 | |a vzdelávanie vysokoškolské |
| 610 | 2 | 0 | |a vzdelávanie dištančné |
| 610 | 2 | 0 | |a technológie informačné |
| 610 | 2 | 0 | |a technológie komunikačné |
| 100 | 1 | |a Kultan, Jaroslav, 1960- | |
| 700 | 1 | |a Kerimbajev, N. | |